[Event "BCF-chT4a 0405 (4NCL)"]
[Site "Telford"]
[Date "2005.01.15"]
[Round "3.4"]
[White "Jackson, Paul G"]
[Black "Dale, Robert"]
[Result "1-0"]
[WhiteElo "1950"]
[BlackElo "1895"]
[PlyCount "75"]
[EventDate "2004.11.06"]
[EventType "team"]
[EventRounds "11"]
[EventCountry "ENG"]
[SourceTitle "EXT 2006"]
[Source "ChessBase"]
[SourceDate "2005.11.24"]
[SourceVersion "1"]
[SourceVersionDate "2005.11.24"]
[SourceQuality "1"]
[WhiteTeam "Conquistadors"]
[BlackTeam "Hilsmark Kingfisher III"]
[WhiteTeamCountry "ENG"]
[BlackTeamCountry "ENG"]

1. d4 Nf6 2. c4 e6 3. Nc3 d5 4. cxd5 exd5 5. Bg5 Be7 6. Qc2 0-0 7. e3 c6 8. Bd3 h6 9. Bf4 Nbd7 10. h3 c5 11. Nf3 a6 12. a4 b6 13. 0-0 Bb7 14. Rad1 cxd4 15. Nxd4 Nc5 16. Be2 Rc8 17. Qb1 Bd6 18. Bxd6 Qxd6 19. Bf3 Qe5 20. Qf5 Rfe8 21. Qxe5 Rxe5 22. g3 Nce4 23. Nde2 Re7 24. Bg2 Rec7 25. Rd4 Nxc3 26. Nxc3 Rc4 27. Rfd1 Rxd4 28. Rxd4 Bc6 29. Kf1 b5 30. axb5 Bxb5+ 31. Ke1 Bc4 32. Kd2 Rb8 33. Kc1 Rc8 34. Kb1 Rc5 35. Kc2 Bb5 36. Kd2 Bc6 37. b4 Rc4 38. Rxc4 1-0